000 00756nam a2200217Ii 4500
003 JO-AjNU
008 230605s9999||||xx |||||||||||||| ||und||
017 _a1989/1836
020 _a977-01-2048-0
040 _aJO-AjNU
_bara
_erda
_cJO-AjNU
041 _aara
050 1 4 _aPJ7852.A54.Z58 1989
100 3 _aتأليف دوارة،فؤاد,
_eauthor
_919244
245 0 0 _aنجيب محفوظ من القومية إلى العالمية
264 3 1 _aالقاهرة:الهيئة المصرية العامة للكتاب،1989
300 _a327ص
336 _atext
_btxt
_2rdacontent
337 _aunmediated
_bn
_2rdamedia
338 _avolume
_bnc
_2rdacarrier
650 4 _aالأدب العربي - الأدباء المصريون - تراجم
_919245
999 _aA6310
_c9878
_d9878